000 00387nam a2200133Ia 4500
008 151001s9999||||xx |||||||||||||| ||und||
100 _aश्रीधर नार्वेकर
245 _aआई मी बाळाची
250 _a1
260 _bमनोविकास प्रकाशन पुणे
260 _c1999
300 _a181
365 _b24
999 _c976279
_d976276